000 01337nac a22002891u 4500
010 _a 93243560
020 _a9231028545 (Unesco)
020 _a0521452686 (Cambridge University Press)
082 0 0 _a333.91150913
_bBON
090 _c5948
_d5948
100 _aBonell, Michael [ed.]
245 0 0 _aHydrology and water management in the humid tropics :
_bhydrological research issues and strategies for water management /
_cedited by Michael Bonell, Maynard M. Hufschmidt, John S. Gladwell.
260 _aCambridge ;
_aNew York, NY, USA :
_bCambridge University Press,c.1993.
_cc.1993.
300 _axviii, 590 p. :
_bill. ;
_c31 cm.
440 0 _aInternational hydrology series
500 _aDistributer : Al-Ahram.
504 _aIncludes bibliographical references and index.
511 _aCatalogued By : Mahitab.
650 0 _aHydrology
_zTropics.
650 0 _aWater-supply
_zTropics
_xManagement.
700 1 _aHufschmidt, Maynard M.
700 1 _aGladwell, John S.
856 4 2 _3Publisher description
_uhttp://www.loc.gov/catdir/description/cam026/93243560.html
856 4 2 _3Table of contents
_uhttp://www.loc.gov/catdir/toc/cam028/93243560.html
942 _cBB
_k333.91150913BON
999 _c5948
_d5948